Admiralty Paper Chart Maintenance Record / (Record no. 25)

000 -LEADER
fixed length control field 00570nam a2200181Ia 4500
008 - FIXED-LENGTH DATA ELEMENTS--GENERAL INFORMATION
fixed length control field 190719s9999||||xx |||||||||||||| ||und||
020 ## - INTERNATIONAL STANDARD BOOK NUMBER
International Standard Book Number 9780707741840
Terms of availability £ 31.60
040 ## - CATALOGING SOURCE
Original cataloging agency IMU Kochi
082 04 - DEWEY DECIMAL CLASSIFICATION NUMBER
Classification number 623.8922
Item number Un314/P
110 ## - MAIN ENTRY--CORPORATE NAME
Corporate name or jurisdiction name as entry element Great Britain.
Subordinate unit Hydrographic Office
245 #0 - TITLE STATEMENT
Title Admiralty Paper Chart Maintenance Record /
Statement of responsibility, etc. United Kingdom Hydrographic Office
250 ## - EDITION STATEMENT
Edition statement 5th ed.
260 ## - PUBLICATION, DISTRIBUTION, ETC.
Place of publication, distribution, etc. Taunton :
Name of publisher, distributor, etc. United Kingdom Hydrographic Office ,
Date of publication, distribution, etc. 2017
300 ## - PHYSICAL DESCRIPTION
Extent various pagination
Dimensions ; 30 cm.
490 ## - SERIES STATEMENT
Series statement NP ;
Volume/sequential designation 133A
650 ## - SUBJECT ADDED ENTRY--TOPICAL TERM
Topical term or geographic name entry element Navigation
942 ## - ADDED ENTRY ELEMENTS (KOHA)
Source of classification or shelving scheme
Koha item type Books
Holdings
Withdrawn status Lost status Damaged status Not for loan Collection code Permanent Location Current Location Shelving location Date acquired Source of acquisition Cost, normal purchase price Total Checkouts Full call number Barcode Date last seen Date last checked out Price effective from Koha item type Public note
        Nautical Science IMU Kochi Library IMU Kochi Library Reference 2017-05-31 Sterling Book House 2667.00 3 623.8922 Un314/P BK003499 2023-01-31 2023-01-31 2019-07-19 Books Shelf-4, Row-1
        Nautical Science IMU Kochi Library IMU Kochi Library Reference 2017-05-31 Sterling Book House 2667.00 3 623.8922 Un314/P BK003500 2023-01-31 2023-01-31 2019-07-19 Books Shelf-4, Row-1


Copyright © All Rights Reserved by Indian Maritime University, Kochi Campus.
For any Suggestions/Query Contact to library or Email: library.kochi@imu.ac.in Ph:(0484)-2989402
(Web OPAC Designed by Rudra Ranjan. Maintained by IMU Kochi Library)

Powered by Koha